000 00610nam a2200217Ia 4500
005 20250508164356.0
008 008 250505s9999 xx 000 0 hin d
020 _a81-7119-794-9
037 _aTextual
040 _aFEDL
_beng
_cFEDL
041 _ahin
_2eng
084 _a891.438, DUS
_qFEDL
100 _aDushyant Kumar
245 0 _aSaaye mein dhoop
260 _aNew Delhi, India
_bRadha Krishan Prakashan Private Limited
_c2006
300 _a64p
365 _aINR
_b75
650 _aHindi Literature-Ghazal
_9777974
942 _cTEXL
_h891.438, DUS
999 _c1388831
_d1388831